| 000 | 00370nam a2200145Ia 4500 | ||
|---|---|---|---|
| 005 | 20251222143130.0 | ||
| 008 | 251222s9999||||xx |||||||||||||| ||spa|| | ||
| 020 | _a9972210149 | ||
| 082 | _a985.008/G91 | ||
| 100 | _aGuillén Guillén, Edmundo | ||
| 245 | 0 | _aEnsayos de Historia Andina T. I | |
| 250 | _a1ra.ed. | ||
| 264 | _bUniversidad Alas Peruanas | ||
| 942 | _cLIB | ||
| 999 |
_c11893 _d11893 |
||